000 00432nam a2200181Ia 4500
001 14639
005 20250626030542.0
008 211022s9999 xx 000 0 und d
020 _a9780307236524
082 _a747.3 BAR
100 _aBarker, Linda
245 0 _aWall to wall : 100 great treatments for vertical surfaces
260 _aNew York
260 _bClarkson Potter
260 _c2005
300 _a144
942 _cBK
999 _c10518
_d10518